| 000 | 00953nam a22002657a 4500 | ||
|---|---|---|---|
| 003 | OSt | ||
| 005 | 20210324143445.0 | ||
| 008 | 100322s2018 dr 000 0 spa d | ||
| 020 | _a9789945590807 | ||
| 040 |
_aDO-SdBNP _bspa _cBNPHU |
||
| 082 |
_axxxx _bM828r |
||
| 100 | 1 |
_aMorales Muñoz, Sergio _937920 _d1988- |
|
| 245 | 1 | 0 |
_aReflexiones jurídicas, políticas y sociales del entramado ambiental dominicano / _cSergio Morales Muñoz ; prólogo Natasha Despotovic |
| 260 |
_aSanto Domingo : _bFUNGLODE, _c2018. |
||
| 300 |
_a103 p. : _c21 cm. |
||
| 490 | 1 |
_aEstudios y reflexiones ; _aDesarrollo sostenible ; |
|
| 500 | _aIncluye datos biográficos del autor. | ||
| 500 | _aIncluye notas a pie de páginas. | ||
| 504 | _aBibliografía p: 93-95 | ||
| 590 | _aInventariado, 2021/ YL | ||
| 700 | 1 | 2 |
_aDespotovic, Natasha _eprol. _974370 |
| 830 |
_aEstudios y reflexiones _pDesarrollo sostenible _978257 |
||
| 910 | _aYLOCKWARD | ||
| 942 |
_2ddc _cLBS1 |
||
| 999 |
_c49677 _d49677 |
||